Leña y Fuentes alternativas de energía : Estudio sobre leyes y Políticas en América Central

Bibliographic Details
Format: Section = Libro
Language:Undetermined
Spanish
Published: [s.l.] ICAITI 1983
Subjects:
LEADER 00467nam a2200157Ia 4500
008 240829s9999 xx 000 0 und d
040 |a BIBLIOTECA-RUPAP 341.755 I15 
041 |a spa 
082 |a 341.755 I15 
245 1 0 |a Leña y Fuentes alternativas de energía : Estudio sobre leyes y Políticas en América Central 
260 |a [s.l.]  |b ICAITI  |c 1983 
300 |a 151 p. :il. 
650 7 |a FUENTES DE ENERGIA. I. Tít. 
942 |c BK  |2 ddc 
991 |a TEXTO 
999 |c 7711